Poketto Nihon keizai jiten /
Disimpan dalam:
| Pengarang Korporat: | |
|---|---|
| Format: | Buku |
| Bahasa: | Japanese |
| Diterbitkan: |
Tōkyō :
Yūhikaku,
1980
|
| Siri: | Yūhikaku shinsho
|
| Subjek-subjek: | |
| Penanda-penanda: |
Tambah Penanda
Tiada Penanda, Jadilah orang pertama menanda rekod ini!
|
| LEADER | 01023nam a2200289 a 4500 | ||
|---|---|---|---|
| 001 | 007743326-2 | ||
| 005 | 20024617115958.0 | ||
| 008 | 890411s1980 ja a bd 000 0 jpnr | ||
| 010 | |a 81804827 | ||
| 015 | |a Ja81-483 | ||
| 020 | |a 4641089515 | ||
| 035 | 0 | |a ocm19535547 | |
| 040 | |a DLC |c CU-S |d *YNH* |d CStRLIN | ||
| 050 | |a HB61 |b .P628 | ||
| 245 | 0 | 0 | |6 880-01 |a Poketto Nihon keizai jiten / |c Kōbe Daigaku Nihon Keizai Kenkyūkai hen. |
| 260 | |6 880-02 |a Tōkyō : |b Yūhikaku, |c 1980 |g (1981 printing) | ||
| 300 | |a 22, 358 p. : |b ill. ; |c 18 cm. | ||
| 490 | 0 | |6 880-03 |a Yūhikaku shinsho | |
| 504 | |a Bibliography: p. 5. | ||
| 650 | 0 | |a Economics |x Dictionaries |x Japanese. | |
| 710 | 2 | |6 880-04 |a Kōbe Daigaku. |b Nihon Keizai Kenkyūkai. | |
| 880 | 0 | 0 | |6 245-01 |a ポケット日本経済辞典 / |c 神戶大学日本経済研究会編. |
| 880 | |6 260-02 |a 東京 : |b 有斐閣, |c 1980 |g (1981 printing) | ||
| 880 | 0 | |6 490-03 |a 有斐閣新書 | |
| 880 | 2 | |6 710-04 |a 神戶大学. |b 日本経済研究会. | |
| 988 | |a 20021214 | ||
| 906 | |0 DLC | ||


